Missing Word: Harrison Ford Co-Stars Quiz Stats

 Plays Quiz Updated May 24, 2016

Challenge
Share
Tweet
Embed
Score 0/18 Timer 03:00
0 Plays Today
Hint Answer % Correct
Star Wars: Episode IV - A New HopeFISHER
94.5%
Patriot GamesEARL
94%
American GraffitiRICHARD
93.1%
Apocalypse NowBRANDO
91.5%
Indiana Jones and the Last CrusadeCONNERY
90%
Indiana Jones and the Last CrusadeRIVER
89.4%
Apocalypse NowROBERT
87.8%
Apocalypse NowSHEEN
80.7%
Star Wars: Episode IV - A New HopeHAMILL
77.7%
Hint Answer % Correct
American GraffitiJACK
74%
Blade RunnerHANNAH
70.4%
Blade RunnerRUTGER
55.3%
Patriot GamesBEAN
52.5%
Patriot GamesANNE
48.8%
Star Wars: Episode IV - A New HopePETER
46.6%
Blade RunnerYOUNG
28.1%
American GraffitiMACKENZIE
26.1%
Indiana Jones and the Last CrusadeDOODY
9%

Today's Daily Dose

You're not logged in!

Compare scores with friends on all Sporcle quizzes.
Join for Free
OR
Log In

You Might Also Like...

Show Comments

Extras

Top Quizzes Today


Score Distribution

Your Account Isn't Verified!

In order to create a playlist on Sporcle, you need to verify the email address you used during registration. Go to your Sporcle Settings to finish the process.

Report this User

Report this user for behavior that violates our Community Guidelines.

Details: